|
|
|
|
| LEADER |
00000cas a2200000 a 4500 |
| 001 |
vtls001408587 |
| 003 |
SK-MaSNL |
| 005 |
20260228160438.0 |
| 008 |
180810c18041821xo ar p 0 0 0lat |
| 035 |
|
|
|a SNK000363259
|
| 040 |
|
|
|a SNK
|b slo
|c SNK
|e AACR2
|
| 041 |
0 |
|
|a lat
|
| 044 |
|
|
|a xo
|c SK
|
| 072 |
|
7 |
|a 373.5/.6
|x Stredné školy
|2 konspekt
|
| 080 |
|
|
|a 373.5
|2 2011
|
| 080 |
|
|
|a 050
|2 2011
|
| 080 |
|
|
|a 37.011.3-052
|2 2011
|
| 080 |
|
|
|a (083.8)
|2 2011
|
| 245 |
0 |
|
|a Juventus Regii Gymnasii Podolinensis Apud Scholas Pias
|b secundum examina at annumque progressum primo ex Doctrina ...
|
| 260 |
|
|
|a Leutschoviae
|b Typis Leutschoviensibus Podboranskianis
|c [1804 - 1821]
|
| 300 |
|
|
|a zv.
|
| 310 |
|
|
|a 1x ročne
|
| 362 |
0 |
|
|a [1804 - 1821]
|z Bg. výročných správ škôl na území Slovenska, č. z. 379 ; SKP
|
| 500 |
|
|
|a Podnázov sa mení: 1806-1814: ex Doctrina Christiana et reliqius Studiis ... ; 1816-1821: juxta progressionem Studiorum ...
|
| 500 |
|
|
|a Žiaci Kráľovského piaristického gymnázia v Podolinci
|
| 500 |
|
|
|a Rôzne podnázvy, za podnázvom rok
|
| 500 |
|
|
|a Súčasťou názvových údajov je označenie roku
|
| 500 |
|
|
|a Na titulnom liste latinský citát
|
| 610 |
2 |
7 |
|a Piaristické gymnázium (Podolínec, Slovensko)
|2 SNKKA
|9 266654
|
| 650 |
0 |
7 |
|a gymnáziá
|2 SNKPH
|9 16386
|
| 650 |
0 |
7 |
|a študenti
|2 SNKPH
|9 3979
|
| 655 |
|
7 |
|a zoznamy
|2 SNKPH
|9 29645
|
| 752 |
|
|
|a Slovensko
|d Levoča
|
| 780 |
0 |
0 |
|t Juventus Regii Gymnasii Podolinensis Scholarum Piarum
|
| 785 |
0 |
0 |
|t Juventus Litteraria Regii Majoris Gymnasii Podolinensis Scholarum Piarum
|
| 850 |
|
|
|a Slovenská národná knižnica v Martine
|
| 910 |
|
|
|a snk
|
| 958 |
|
|
|a ONDV
|
| 999 |
|
|
|c 2544
|d 4474
|
| 952 |
|
|
|0 0
|1 0
|4 0
|7 0
|a SNK
|b SNK
|d 2001-02-28
|l 0
|o snkČSC 2051/1806
|p 17A0267359
|r 2005-01-02 00:00:00
|w 2026-02-21
|y PREZ
|
| 952 |
|
|
|0 0
|1 0
|4 0
|7 0
|a SNK
|b SNK
|d 2001-02-28
|l 0
|o snkČSC 2051/1807
|p 17A0267326
|r 2005-01-02 00:00:00
|w 2026-02-21
|y PREZ
|
| 952 |
|
|
|0 0
|1 0
|4 0
|7 0
|a SNK
|b SNK
|d 2001-02-28
|l 0
|o snkČSC 2051/1808
|p 17A0267327
|r 2005-01-02 00:00:00
|w 2026-02-21
|y PREZ
|